Foreign sales corporation : final IRS regulations and host government incentives /

Bibliographic Details
Main Author: Diamond, Walter H.
Format: Book
Language:English
Published: Dobbs Ferry, N.Y. : Oceana, [publisher not identified] ; [1987]
Subjects:

MARC

Tag First Indicator Second Indicator Subfields
LEADER 00000cam a2200000 a 4500
001 in00000019248
005 20151007054219.0
008 871022s1987 nyuk 00010 eng d
010 |a  87062503  
020 |a 0379201941 
035 |a (OCoLC)16887091 
035 |9 AAB4342AM 
040 |a LUL  |c LUL  |d KLL  |d UtOrBLW 
049 |a TXAM  |c [A12589245] 
050 4 |a KF1419.Z9  |b D52 1987 
100 1 |a Diamond, Walter H. 
245 1 0 |a Foreign sales corporation :  |b final IRS regulations and host government incentives /  |c Walter H. Diamond. 
264 1 |a Dobbs Ferry, N.Y. : Oceana,  |b [publisher not identified] ;  |c [1987] 
264 4 |c ©1987 
300 |a xxi, 358 pages :  |b forms ;  |c 24 cm. 
336 |a text  |b txt  |2 rdacontent 
337 |a unmediated  |b n  |2 rdamedia 
338 |a volume  |b nc  |2 rdacarrier 
650 0 |a Foreign sales corporations. 
650 0 |a Foreign trade regulation. 
650 0 |a Foreign trade promotion. 
999 |a MARS 
999 f f |s 4fb23592-f5a0-3a9f-9756-2e1f9a2c87af  |i 46e9bb11-7370-3236-8ca7-0afdb9162f50  |t 0 
952 f f |p ric  |a Texas A&M University  |b Rellis Campus  |c Joint Library Facility  |d Remote Storage  |t 0  |e KF1419.Z9 D52 1987  |h Library of Congress classification  |i unmediated -- volume  |m A14812589245 
998 f f |a KF1419.Z9 D52 1987  |t 0  |l Remote Storage